01800nam a22003495i 4500999001700000003000900017005001700026008004100043020001800084040004300102041001300145082002400158245012100182246007000303250001900373264006900392300003500461336002600496337002800522338002700550490007500577500002000652520037200672546003301044650008201077650004301159653002801202655001701230700002701247942001901274952015701293 c27631d27602EG-ScBUE20190919115948.0190919s2013 cc f d 001 0 chi d a9787561935071 aEG-ScBUEbengerdacEG-ScBUEdEG-ScBUE0 achiaeng04a495.182403bDIC22200a新HSK5000词分级词典 =bA dictionary of 5000 graded words for new HSK : levels 1, 2 & 3 /ccompiler, Li Luxing.31aA dictionary of 5000 graded words for new HSK :b levels 1, 2 & 3 aFirst edition. 1aBeijing :bBeijing Language and Culture University Press,c2013. avolume 1 (396 pages) ;c22 cm. atextbtxt2rdacontent aunmediatedbn2rdamedia avolumebnc2rdacarrier0 a外国人汉语参考系列 =aChinese reference series for foreigners aIncludes index. aA Dictionary of 5000 Graded Words for New HSK(Levels 1,2&3) has Chinese pinyin and English translation for each example sentence, which is convenient for beginners to learn, imitate and memorize. In the book, every entry has 3-8 example sentences. From rich examples, the words explained appear repetitively, more helpful for learners to understand, learn and master. aText in Chinese and English. 7aChinese languagexStudy and teachingxForeign speakers.vDictionaries.2BUEsh 7aChinese languagevDictionaries.2BUEsh bHHUUCCHHcSeptember2019 vReading book1 aLi, Luxing,ecompiler. 2ddccREFERENCE 00102ddc40708BaccahaMAINbMAINc2NDd2019-09-19ePurchaseg280.00l0o495.182403 DICp000048093r2025-07-15 00:00:00v350.00w2019-09-19yREFERENCE